000 01070nam a2200373 a 4500
003 AR-BaBNM
005 20251128205821.0
008 082120s2002 ||||||||||||||000 | spa||
020 _a968-852-015-2
040 _cAR-BaBNM
100 1 _aLapassade, Georges
245 0 0 _aGrupos, organizaciones e instituciones
_bla transformación de la burocracia
250 _a2ª ed.
260 _aMéxico, D.F.
_bGedisa
_c1985
300 _a326 p.
_bgráfs.
490 0 _aHombre y sociedad. Renovación pedagógica
500 _aApéndice: Elementos para un léxico: p. 289-324
504 _aBibliografía p. 325-326
600 1 4 _aMallet, Serge
650 4 _aGRUPOS
650 4 _aORGANIZACIONES
650 4 _aINSTITUCIONES
650 4 _aBUROCRACIA
650 4 _aDINAMICA DE GRUPO
650 4 _aRELACIONES ENTRE GRUPOS
650 4 _aPSICOSOCIOLOGIA
650 4 _aPSICOTERAPIA
651 4 _aFrancia
653 _aANALISIS INSTITUCIONAL
653 _aANALISIS INSTITUCIONAL
800 1 _aTorrents, Mercedes
_edirector
942 _cBK
998 _cArturo
999 _c12929
_d12929